000 00522nam a2200157 i 4500
001 49105
003 ES-MaACL
005 20230906161903.0
007 t|
008 030708s1940 ag ||||1| spa d
100 1 _aCorrea Iturraspe, Miguel.
_940754
245 1 0 _aQuistes hidatídicos del pulmón
_b: membrana /
_cMiguel Correa Iturraspe.
260 _aBuenos Aires :
_b"El Ateneo",
_c1940 (
_fTalls. Gráfs. Sebastián de Amorrortu e Hijos)
300 _a55 p. :
_bil. ;
_c27 cm.
852 _aES-MaACL
_j1848-F-14
_bR.21309
999 _c49105
_d49105